| 000 | 00980nam a2200253Ia 4500 | ||
|---|---|---|---|
| 003 | OSt | ||
| 005 | 20220916110921.0 | ||
| 006 | a|||||r|||| 00| 0 | ||
| 007 | ta | ||
| 008 | 220915b |||||||| |||| 00| 0 san d | ||
| 024 | _a40598 | ||
| 037 | _cTextbook | ||
| 040 |
_bsan _aARTS _cARTS |
||
| 041 | _asan | ||
| 082 | _aO15,6x, L3 (TTPS) | ||
| 100 | _aद्विवेदी, प्रशांत; चतुर्वेदी, वंशीधर | ||
| 245 | 0 | _aसंस्कृत निबन्ध नवनीतम् | |
| 246 | _aSanskṛut nibandha navanītam | ||
| 260 |
_aआगरा _bश्रीराम मेहरा एण्ड कम्पनी भारत _c1973 |
||
| 300 |
_a195पण् _ccm. |
||
| 650 | _aहिन्दी साहित्य | ||
| 942 |
_hO15,6x, L3 (TTPS) _cTB _2CC |
||
| 999 |
_c101326 _d101326 |
||